000 00368nam a2200121Ia 4500
008 220216s9999 xx 000 0 und d
100 _aElliott D J
245 0 _aCis-trans isomerism in polyisoprenes.Pt.VIII. The physical properties of Cis-trans isomerised rubbers
260 _bIRI Transactions
_c1965
300 _aT180-T190
650 _aPolyisoprenes
942 _cJS
999 _c55609
_d55609